[Event "Pan American-ch U20"]
[Site "Pereira"]
[Date "2022.08.24"]
[Round "4"]
[White "Bosquez Leguisamo, Joel Alexander"]
[Black "Gonzalez Mojica, Renan Arturo"]
[Result "0-1"]
[WhiteElo "1296"]
[BlackElo "1970"]
[PlyCount "78"]
[EventDate "2022.08.23"]
[EventType "swiss"]
[EventRounds "9"]
[EventCountry "COL"]
[SourceTitle "CBM 210 Extra"]
[Source "ChessBase"]
[SourceDate "2022.11.30"]
[SourceVersion "1"]
[SourceVersionDate "2022.11.30"]
[SourceQuality "1"]

1. d4 Nf6 2. c4 c5 3. Nf3 cxd4 4. Nxd4 g6 5. Nc3 Bg7 6. Bg5 Nc6 7. e3 Qa5 8. Bh4 Ne4 9. Qd3 Nxc3 10. bxc3 0-0 11. Be2 e5 12. Nxc6 dxc6 13. 0-0 Be6 14. Be7 Rfe8 15. Bb4 Qb6 16. c5 Qc7 17. Qd6 Qb8 18. c4 e4 19. Rad1 a5 20. Ba3 Rd8 21. Qe7 Re8 22. Qd6 Bf8 23. Qxb8 Raxb8 24. Rd4 f5 25. Rb1 b6 26. f3 bxc5 27. Rdd1 exf3 28. gxf3 Kf7 29. Kf2 Be7 30. f4 Red8 31. Rxb8 Rxb8 32. Kg3 Ke8 33. Bf3 Bxc4 34. Bxc6+ Kf8 35. Ra1 Rc8 36. Ba4 Be6 37. Kf2 Rd8 38. Ke2 Bc4+ 39. Ke1 Bh4# 0-1

[Event "Pan American-ch U20"]
[Site "Pereira"]
[Date "2022.08.24"]
[Round "3"]
[White "Loaiza Cuervo, Santiago"]
[Black "Bosquez Leguisamo, Joel Alexander"]
[Result "1-0"]
[WhiteElo "2082"]
[BlackElo "1296"]
[PlyCount "68"]
[EventDate "2022.08.23"]
[EventType "swiss"]
[EventRounds "9"]
[EventCountry "COL"]
[SourceTitle "CBM 210 Extra"]
[Source "ChessBase"]
[SourceDate "2022.11.30"]
[SourceVersion "1"]
[SourceVersionDate "2022.11.30"]
[SourceQuality "1"]

1. e4 c5 2. Nf3 Nc6 3. d4 cxd4 4. Nxd4 g6 5. c4 Bg7 6. Be3 d6 7. Nc3 Nf6 8. Be2 0-0 9. 0-0 Bd7 10. h3 Rc8 11. Nf3 Na5 12. b3 b5 13. Nxb5 Bxb5 14. cxb5 Nxe4 15. Rc1 Rxc1 16. Qxc1 Nc3 17. Qd2 Nb7 18. Nd4 Nxe2+ 19. Qxe2 Qd7 20. Rc1 e5 21. Nc6 d5 22. Bxa7 Re8 23. a4 d4 24. b4 d3 25. Qd2 Kh8 26. a5 e4 27. a6 Nd6 28. b6 Rc8 29. Bb8 Rxc6 30. Rxc6 Qxc6 31. Bxd6 Qxd6 32. a7 Qc6 33. Qa2 Qa8 34. b7 Qf8 1-0

[Event "Pan American-ch U20"]
[Site "Pereira"]
[Date "2022.08.23"]
[Round "2"]
[White "Bosquez Leguisamo, Joel Alexander"]
[Black "Tobar Beltran, Jorge Esteban"]
[Result "1/2-1/2"]
[WhiteElo "1296"]
[BlackElo "1929"]
[PlyCount "122"]
[EventDate "2022.08.23"]
[EventType "swiss"]
[EventRounds "9"]
[EventCountry "COL"]
[SourceTitle "CBM 210 Extra"]
[Source "ChessBase"]
[SourceDate "2022.11.30"]
[SourceVersion "1"]
[SourceVersionDate "2022.11.30"]
[SourceQuality "1"]

1. d4 e6 2. c4 f5 3. Nc3 Nf6 4. Bg5 Be7 5. Nf3 0-0 6. e3 b6 7. Be2 Bb7 8. 0-0 d6 9. Qb3 Ne4 10. Bxe7 Qxe7 11. Rfd1 Nd7 12. Rac1 Rf6 13. d5 Nxc3 14. Qxc3 e5 15. b4 f4 16. Ng5 Rg6 17. Ne4 Rf8 18. c5 Nf6 19. Bf3 fxe3 20. Qxe3 dxc5 21. bxc5 Nxd5 22. Qb3 c6 23. Nc3 Kh8 24. Nxd5 cxd5 25. Bxd5 Bc8 26. c6 Rgf6 27. f3 Qc7 28. Re1 Rd8 29. Rcd1 Bf5 30. Qc3 Re8 31. Rd2 b5 32. Rde2 Qb6+ 33. Kh1 e4 34. Bxe4 Rfe6 35. Bd3 b4 36. Rxe6 Rxe6 37. Rxe6 Bxe6 38. Qc2 Qc7 39. Be4 a5 40. Qc5 Kg8 41. Bd5 Kf7 42. Bxe6+ Kxe6 43. Kg1 a4 44. g3 b3 45. axb3 axb3 46. Qc4+ Kf6 47. Qc3+ Kg6 48. Qxb3 Qxc6 49. Qd3+ Kf6 50. Qd4+ Kf7 51. Qf4+ Kg8 52. Kg2 Qc2+ 53. Kh3 Qb3 54. Qe4 h6 55. Kg4 Qa2 56. h4 Qf7 57. Qa8+ Kh7 58. Qe4+ Kg8 59. h5 Qd7+ 60. Qf5 Qa4+ 61. Kh3 Qc4 1/2-1/2

[Event "South America-ch U12 17th"]
[Site "Guayaquil"]
[Date "2022.01.30"]
[Round "9"]
[White "Garcia De la Rosa, Daniel Vladimir"]
[Black "Bosquez Leguisamo, Joel Alexander"]
[Result "1-0"]
[WhiteElo "1347"]
[BlackElo "1291"]
[PlyCount "51"]
[EventDate "2022.01.25"]
[EventType "swiss"]
[EventRounds "9"]
[EventCountry "ECU"]
[SourceTitle "CBM 206 Extra"]
[Source "ChessBase"]
[SourceDate "2022.03.31"]
[SourceVersion "1"]
[SourceVersionDate "2022.03.31"]
[SourceQuality "1"]

1. e4 e5 2. Nc3 Bc5 3. Nf3 Nc6 4. Bb5 d6 5. d4 exd4 6. Nxd4 Nge7 7. Be3 Bxd4 8. Bxd4 0-0 9. Be3 a6 10. Be2 f5 11. Qd2 fxe4 12. 0-0-0 b5 13. Nxe4 Bf5 14. Ng3 Bg6 15. Bf3 a5 16. Bxc6 Nxc6 17. Qd5+ Bf7 18. Qxc6 Bxa2 19. Qxb5 Qf6 20. Qa4 Be6 21. Qd4 Qg6 22. Rhe1 a4 23. Rd3 d5 24. Qe5 Bf7 25. Nf5 Qa6 26. Bd4 1-0